000 00561nam a2200193Ia 4500
003 GCL
008 140319s9999 xx 000 0 ara d
040 _aGCL /
_cGCL
082 0 4 _a813.01
_bم ا
100 1 _aحمدى عيسى الصقر
245 1 0 _aاجراس: اعمال قصصية 1988-1950 /
_cحمدى عيسى الصقر
260 _a[S.N] :
_bدار الشئون الثقافية ،
_c1991
300 _a234 ص
490 _a
650 0 4 _aالقصص
650 0 4 _aالقصة العربية
650 0 4 _aالمجموعات
942 _2ddc
_cBK
999 _c53826
_d53826